[Event "Dresden ZMDI Blitz"]
[Site "Dresden"]
[Date "2011.08.12"]
[Round "7"]
[White "Kuechler, Felix"]
[Black "Walther, Jakob"]
[Result "0-1"]
[WhiteElo "1667"]
[BlackElo "1940"]
[PlyCount "96"]
[EventDate "2011.08.06"]
[EventType "swiss (blitz)"]
[EventRounds "9"]
[EventCountry "GER"]
[SourceTitle "EXT 2022"]
[Source "ChessBase"]
[SourceDate "2021.10.06"]
[SourceVersion "1"]
[SourceVersionDate "2021.10.06"]
[SourceQuality "1"]

1. e4 c6 2. d4 e6 3. Nf3 d5 4. e5 Nd7 5. Be2 c5 6. c3 cxd4 7. cxd4 Ne7 8. 0-0 Nc6 9. a3 a6 10. b4 b5 11. Nbd2 Bb7 12. Nb3 Be7 13. h3 0-0 14. Nh2 f5 15. f4 Qb6 16. g4 Nd8 17. gxf5 exf5 18. Bd3 Ne6 19. Bb2 g6 20. Rc1 Rac8 21. Qd2 Rxc1 22. Rxc1 g5 23. fxg5 Nxg5 24. Kh1 Nxh3 25. Nf3 h6 26. Qh2 Ng5 27. Rg1 Rf7 28. Nh4 f4 29. Nf5 Bf8 30. Qxf4 Qe6 31. Bc1 Kh8 32. Qg4 Nxe5 33. dxe5 d4+ 34. Rg2 Bxg2+ 35. Kxg2 Qxb3 36. Qxd4 Ne6 37. Qe4 Ng5 38. Qe2 Qd5+ 39. Kh2 Nf3+ 40. Kg3 Nxe5 41. Bb2 Bg7 42. Be4 Qe6 43. Qh5 Qb3+ 44. Kf4 Qxb2 45. Bd5 Qd4+ 46. Be4 Qf2+ 47. Bf3 Nxf3 48. Ke4 Ng5+ 0-1

[Event "Dresden ZMD op"]
[Site "Dresden"]
[Date "2010.07.13"]
[Round "4"]
[White "Walther, Jakob"]
[Black "Hutschenreiter, Joerg"]
[Result "1/2-1/2"]
[WhiteElo "1889"]
[BlackElo "2066"]
[PlyCount "77"]
[EventDate "2010.07.10"]
[EventType "swiss"]
[EventRounds "9"]
[EventCountry "GER"]
[SourceTitle "CBM 137 Extra"]
[Source "ChessBase"]
[SourceDate "2010.09.01"]
[SourceVersion "1"]
[SourceVersionDate "2010.09.01"]
[SourceQuality "1"]

1. d4 Nf6 2. c4 e6 3. e3 d5 4. Nc3 Nbd7 5. Nf3 Be7 6. a3 c5 7. dxc5 Nxc5 8. b4 Nce4 9. Bb2 0-0 10. c5 a5 11. Bd3 b6 12. Qc2 bxc5 13. Nxe4 dxe4 14. Bxe4 Nxe4 15. Qxe4 Rb8 16. Rd1 Qb6 17. Be5 Rb7 18. bxc5 Bxc5 19. 0-0 Bxa3 20. Ng5 f5 21. Qd3 Bb4 22. Qb3 Be7 23. Qxb6 Rxb6 24. Nf3 Bf6 25. Bc7 Ra6 26. Nd4 e5 27. Nf3 e4 28. Nd4 a4 29. Nb5 a3 30. Nxa3 Be7 31. Nb5 Rg6 32. Bd6 Bxd6 33. Nxd6 Ba6 34. Rfe1 Bd3 35. Nb7 Rc6 36. Rc1 Rfc8 37. Rxc6 Rxc6 38. Nd8 Rb6 39. Rc1 1/2-1/2

[Event "Hannover-ch op"]
[Site "Stadthagen"]
[Date "2009.10.06"]
[Round "7"]
[White "Walther, Jakob"]
[Black "Pawelzik, Malte"]
[Result "1/2-1/2"]
[WhiteElo "1805"]
[BlackElo "1744"]
[PlyCount "80"]
[EventDate "2009.10.01"]
[EventType "swiss"]
[EventRounds "7"]
[EventCountry "GER"]
[SourceTitle "EXT 2021"]
[Source "ChessBase"]
[SourceDate "2020.10.23"]
[SourceVersion "1"]
[SourceVersionDate "2020.10.23"]
[SourceQuality "1"]

1. d4 Nf6 2. c4 g6 3. Nc3 Bg7 4. e4 d6 5. f4 0-0 6. Nf3 Na6 7. Be2 e5 8. 0-0 exd4 9. Nxd4 Re8 10. Bf3 Bg4 11. Re1 Bxf3 12. Nxf3 Nc5 13. e5 dxe5 14. fxe5 Ng4 15. Qxd8 Raxd8 16. Bg5 Rc8 17. Nd5 Kf8 18. h3 Nxe5 19. Nxe5 Bxe5 20. Be7+ Rxe7 21. Nxe7 Kxe7 22. Rxe5+ Ne6 23. Rd1 c6 24. Kf2 h5 25. b4 Rc7 26. Re3 b5 27. c5 a5 28. a3 Kf6 29. Rd6 a4 30. Red3 Ke7 31. Kf3 Ng5+ 32. Kf4 Ne6+ 33. Kg3 Ke8 34. Kh4 Ke7 35. Kg3 Ke8 36. h4 Ke7 37. Kf3 Ke8 38. Ke4 Ke7 39. Ke5 Nf8 40. g3 Ne6 1/2-1/2

[Event "Niedersachsen-ch"]
[Site "Verden"]
[Date "2008.01.05"]
[Round "5"]
[White "Krneta, Slavko"]
[Black "Walther, Jakob"]
[Result "1/2-1/2"]
[WhiteElo "1767"]
[BlackElo "1929"]
[PlyCount "93"]
[EventDate "2008.01.03"]
[EventType "swiss"]
[EventRounds "7"]
[EventCountry "GER"]
[SourceTitle "EXT 2010"]
[Source "ChessBase"]
[SourceDate "2010.11.25"]
[SourceVersion "1"]
[SourceVersionDate "2010.11.25"]
[SourceQuality "1"]

1. e4 c5 2. Nf3 Nf6 3. Nc3 d5 4. exd5 Nxd5 5. Bc4 e6 6. 0-0 Be7 7. Re1 0-0 8. Nxd5 exd5 9. Bxd5 Qxd5 10. Rxe7 Nc6 11. Re3 Bg4 12. h3 Bh5 13. Qf1 Rfe8 14. a3 Bxf3 15. Rxf3 Nd4 16. Rd3 c4 17. Rc3 Ne2+ 18. Kh1 Nxc3 19. dxc3 Re6 20. Be3 a6 21. Rd1 Qc6 22. Rd4 b5 23. Qd1 Rae8 24. Rd7 Rg6 25. Qd5 Qxd5 26. Rxd5 Rge6 27. g3 h6 28. Kg2 Ra8 29. Kf3 Ree8 30. Rd1 Rad8 31. Bd4 Kh7 32. Rb1 Re6 33. b3 g5 34. bxc4 bxc4 35. Rb7 Kg6 36. Rc7 Rdd6 37. Rxc4 Re1 38. Be3 Ra1 39. Ra4 Ra2 40. c4 Rxc2 41. c5 Rc6 42. h4 f6 43. hxg5 fxg5 44. Ke4 Rb2 45. Kd5 Rf6 46. Bd4 Rd2 47. Kc4 1/2-1/2

[Event "Niedersachsen-ch"]
[Site "Verden"]
[Date "2008.01.03"]
[Round "1"]
[White "Pfeifer, Frank"]
[Black "Walther, Jakob"]
[Result "1-0"]
[WhiteElo "1735"]
[BlackElo "1929"]
[PlyCount "89"]
[EventDate "2008.01.03"]
[EventType "swiss"]
[EventRounds "7"]
[EventCountry "GER"]
[SourceTitle "EXT 2010"]
[Source "ChessBase"]
[SourceDate "2010.11.25"]
[SourceVersion "1"]
[SourceVersionDate "2010.11.25"]
[SourceQuality "1"]

1. e4 c5 2. Nc3 e6 3. g3 d5 4. e5 Nc6 5. f4 f6 6. Nf3 Be7 7. Bg2 Nh6 8. d3 0-0 9. Qd2 Nf5 10. Nd1 Nfd4 11. Qf2 fxe5 12. Nxd4 Nxd4 13. c3 exf4 14. cxd4 fxg3 15. Qe3 gxh2 16. Qh3 Bh4+ 17. Kd2 Bg5+ 18. Kc2 Bxc1 19. Rxc1 cxd4 20. Rxh2 h6 21. Kb1 Bd7 22. Rc2 Qg5 23. Bh1 Rf4 24. Rcg2 Qf6 25. Nf2 Rc8 26. a3 Rc7 27. Ng4 Rxg4 28. Qxg4 e5 29. Qe2 Ba4 30. Rf2 Qc6 31. Qf1 Rc8 32. Bf3 e4 33. dxe4 dxe4 34. Bg4 Bb5 35. Qd1 Bd3+ 36. Ka1 Rd8 37. Qb3+ Kh8 38. Qd1 b5 39. Be2 Bc2 40. Qf1 d3 41. Rf8+ Rxf8 42. Qxf8+ Kh7 43. Bg4 Qc7 44. Bf5+ g6 45. Rxh6# 1-0

[Event "Niedersachsen-ch"]
[Site "Verden"]
[Date "2008.01.03"]
[Round "2"]
[White "Walther, Jakob"]
[Black "Suendorf, Dominik"]
[Result "1/2-1/2"]
[WhiteElo "1929"]
[BlackElo "1416"]
[PlyCount "76"]
[EventDate "2008.01.03"]
[EventType "swiss"]
[EventRounds "7"]
[EventCountry "GER"]
[SourceTitle "EXT 2010"]
[Source "ChessBase"]
[SourceDate "2010.11.25"]
[SourceVersion "1"]
[SourceVersionDate "2010.11.25"]
[SourceQuality "1"]

1. d4 d5 2. c4 c6 3. Nf3 Nf6 4. e3 Bg4 5. Nc3 e6 6. cxd5 cxd5 7. Qa4+ Nbd7 8. Ne5 Bf5 9. Bb5 a6 10. Bxd7+ Nxd7 11. 0-0 Bd6 12. Nxd7 Qxd7 13. Qxd7+ Kxd7 14. f3 Rac8 15. e4 dxe4 16. fxe4 Bg6 17. Be3 b5 18. Rac1 Rc7 19. a3 Rhc8 20. g4 Bxa3 21. Nxb5 Rxc1 22. Bxc1 axb5 23. bxa3 Rc4 24. Bb2 Rc2 25. Rf2 Rxf2 26. Kxf2 Bxe4 27. Ke3 Bd5 28. Kf4 f6 29. h4 Ke7 30. Bc3 Kf7 31. Bb4 h6 32. g5 fxg5+ 33. hxg5 h5 34. Ke5 h4 35. Kf4 h3 36. Kg3 Bg2 37. Bd6 Kg6 38. Kg4 Kf7 1/2-1/2

[Event "Niedersachsen-ch op"]
[Site "Verden"]
[Date "2007.01.05"]
[Round "4"]
[White "Walther, Jakob"]
[Black "Baisakow, Alexander"]
[Result "1/2-1/2"]
[WhiteElo "1816"]
[BlackElo "2049"]
[PlyCount "136"]
[EventDate "2007.01.04"]
[EventType "swiss"]
[EventRounds "7"]
[EventCountry "GER"]
[SourceTitle "EXT 2021"]
[Source "ChessBase"]
[SourceDate "2020.10.23"]
[SourceVersion "1"]
[SourceVersionDate "2020.10.23"]
[SourceQuality "1"]

1. d4 Nf6 2. c4 g6 3. Nc3 d5 4. cxd5 Nxd5 5. e4 Nxc3 6. bxc3 Bg7 7. f4 c5 8. Nf3 0-0 9. Be2 Bg4 10. 0-0 cxd4 11. Nxd4 Bxd4+ 12. cxd4 Bxe2 13. Qxe2 Qxd4+ 14. Be3 Qxe4 15. Rac1 Nc6 16. Rc4 Qd5 17. f5 Rfd8 18. fxg6 hxg6 19. Rcf4 f6 20. Qg4 Kf7 21. Qh4 Qe5 22. Qh7+ Ke6 23. Re1 Qh5 24. Bb6+ Ne5 25. Qxh5 gxh5 26. Bxd8 Rxd8 27. Ra4 a6 28. h3 Rd6 29. Rh4 b5 30. Rxh5 Rd2 31. Ra1 b4 32. Rh8 a5 33. Rb8 Nc4 34. Rb5 Kd6 35. h4 e5 36. h5 Ne3 37. Rxa5 Rxg2+ 38. Kh1 Rg5 39. Ra6+ Ke7 40. Ra7+ Ke6 41. Rh7 f5 42. h6 f4 43. Rb1 f3 44. Rg7 Rh5+ 45. Kg1 Nd5 46. h7 e4 47. Kf2 Rh3 48. Rb3 Nc3 49. Rxb4 Nd1+ 50. Kf1 e3 51. Re4+ Kf6 52. Rg8 Rh1+ 53. Rg1 Rxh7 54. Rf4+ Ke5 55. Rxf3 Ke4 56. Rf8 Kd3 57. Rd8+ Kc2 58. Rg2+ Nf2 59. Ke2 Re7 60. Rc8+ Kb2 61. Rg3 Kxa2 62. Rxe3 Rxe3+ 63. Kxe3 Nd1+ 64. Kd2 Nb2 65. Kc3 Na4+ 66. Kc2 Ka3 67. Rb8 Nc5 68. Rb5 Na4 1/2-1/2

[Event "GER-chT Nord-West U20"]
[Site "Germany"]
[Date "2006.12.17"]
[Round "?"]
[White "Gharibyan, Harutyun"]
[Black "Walther, Jakob"]
[Result "1-0"]
[WhiteElo "2030"]
[BlackElo "1782"]
[PlyCount "55"]
[EventDate "2006.09.24"]
[EventType "team-tourn"]
[EventRounds "9"]
[EventCountry "GER"]
[SourceTitle "EXT 2008"]
[Source "ChessBase"]
[SourceDate "2007.11.25"]
[SourceVersion "1"]
[SourceVersionDate "2007.11.25"]
[SourceQuality "1"]

1. e4 c5 2. Nf3 Nf6 3. e5 Nd5 4. Nc3 e6 5. Nxd5 exd5 6. d4 Nc6 7. dxc5 Bxc5 8. Bd3 0-0 9. 0-0 d6 10. exd6 Qxd6 11. c3 Bg4 12. Bxh7+ Kh8 13. Bd3 Bb6 14. Qa4 d4 15. Nxd4 Nxd4 16. cxd4 Bc7 17. f4 Bd7 18. Qd1 Qxd4+ 19. Kh1 g6 20. Bd2 Qd5 21. Bc3+ Kg8 22. Qc2 Bb5 23. Bxg6 f5 24. Rf3 Be8 25. Bxe8 Rfxe8 26. Rd1 Qe4 27. Qf2 Re7 28. Re1 1-0

[Event "Hannover-chD"]
[Site "Lehrte"]
[Date "2006.10.16"]
[Round "5"]
[White "Schulze, Dorothee"]
[Black "Walther, Jakob"]
[Result "1/2-1/2"]
[WhiteElo "1939"]
[BlackElo "1782"]
[PlyCount "70"]
[EventDate "2006.10.14"]
[EventType "swiss"]
[EventRounds "7"]
[EventCountry "GER"]
[SourceTitle "EXT 2021"]
[Source "ChessBase"]
[SourceDate "2020.10.23"]
[SourceVersion "1"]
[SourceVersionDate "2020.10.23"]
[SourceQuality "1"]

1. e4 c5 2. Nf3 Nf6 3. Nc3 e6 4. d4 d5 5. exd5 exd5 6. Bb5+ Nc6 7. dxc5 Bxc5 8. 0-0 0-0 9. Bg5 Bg4 10. h3 Bh5 11. Be2 a6 12. Bxf6 Qxf6 13. Qxd5 Bxf3 14. Qxf3 Qg6 15. Bd3 Qh6 16. Rfe1 Rad8 17. Na4 Ba7 18. Rad1 Rd6 19. Be4 Rf6 20. Qb3 Bxf2+ 21. Kh2 Bxe1 22. Rxe1 Qf4+ 23. Kh1 Qf2 24. Qe3 Qxe3 25. Rxe3 Re8 26. Bxh7+ Kf8 27. Rxe8+ Kxe8 28. Be4 b5 29. Nc5 Nd4 30. c3 Ne2 31. Bf3 Nf4 32. Kh2 Ng6 33. Bb7 a5 34. Kg3 Ne5 35. Be4 Ke7 1/2-1/2

[Event "Hannover-chD"]
[Site "Lehrte"]
[Date "2006.10.15"]
[Round "4"]
[White "Walther, Jakob"]
[Black "Freystein, Martin"]
[Result "0-1"]
[WhiteElo "1782"]
[BlackElo "2036"]
[PlyCount "70"]
[EventDate "2006.10.14"]
[EventType "swiss"]
[EventRounds "7"]
[EventCountry "GER"]
[SourceTitle "EXT 2021"]
[Source "ChessBase"]
[SourceDate "2020.10.23"]
[SourceVersion "1"]
[SourceVersionDate "2020.10.23"]
[SourceQuality "1"]

1. d4 f5 2. c4 Nf6 3. Nc3 e6 4. Nf3 d5 5. Bf4 Bd6 6. e3 c6 7. Bd3 0-0 8. 0-0 Ne4 9. Ne5 Qe7 10. f3 Nxc3 11. bxc3 Nd7 12. Qe1 Nxe5 13. dxe5 Bc5 14. Kh1 b6 15. Qg3 Ba6 16. cxd5 Bxd3 17. d6 Qd7 18. Rfd1 Bc4 19. h4 b5 20. h5 a5 21. a3 Rf7 22. Bg5 Bb6 23. Qh3 a4 24. g4 fxg4 25. Qxg4 Be2 26. Bf4 Bxd1 27. Rxd1 Raf8 28. Rf1 Rf5 29. h6 g6 30. Bg5 Rxe5 31. Be7 Rf7 32. f4 Rxe3 33. Rg1 Bd8 34. Qh5 Rxe7 35. dxe7 Qxe7 0-1

[Event "Hannover-chD"]
[Site "Lehrte"]
[Date "2006.10.14"]
[Round "1"]
[White "Walther, Jakob"]
[Black "Schmidt, Oliver"]
[Result "1/2-1/2"]
[WhiteElo "1782"]
[BlackElo "1985"]
[PlyCount "106"]
[EventDate "2006.10.14"]
[EventType "swiss"]
[EventRounds "7"]
[EventCountry "GER"]
[SourceTitle "EXT 2021"]
[Source "ChessBase"]
[SourceDate "2020.10.23"]
[SourceVersion "1"]
[SourceVersionDate "2020.10.23"]
[SourceQuality "1"]

1. d4 c5 2. d5 Nf6 3. c4 e6 4. Nc3 exd5 5. cxd5 d6 6. e4 g6 7. Bg5 Bg7 8. Bd3 0-0 9. Nf3 a6 10. a4 Bg4 11. h3 Bxf3 12. Qxf3 Nbd7 13. 0-0 Ne5 14. Qe2 h6 15. Bh4 g5 16. Bg3 Nxd3 17. Qxd3 Nh5 18. Ne2 Qf6 19. Bh2 Rae8 20. f4 gxf4 21. g4 Qg6 22. Rae1 Bf6 23. Kh1 Qxe4+ 24. Qxe4 Rxe4 25. Nxf4 Rxe1 26. Rxe1 Nxf4 27. Bxf4 Bxb2 28. Bxh6 c4 29. Bxf8 Kxf8 30. Re2 c3 31. a5 Ba3 32. Kg2 Bb4 33. Ra2 Bc5 34. Kf3 b5 35. axb6 Bxb6 36. Rxa6 Bd4 37. Ra2 Ke7 38. Ke4 Be5 39. Kf5 Kf8 40. h4 Kg7 41. g5 Bd4 42. h5 Kh7 43. Ke4 Be5 44. Ke3 Kg7 45. Ra4 Kh7 46. Re4 f5 47. Rxe5 dxe5 48. d6 f4+ 49. Kd3 f3 50. d7 f2 51. Ke2 c2 52. d8Q f1Q+ 53. Kxf1 c1Q+ 1/2-1/2

[Event "GER-chT Nord-West U20"]
[Site "Germany"]
[Date "2006.10.07"]
[Round "2.4"]
[White "Walther, Jakob"]
[Black "Wenzel, Birger"]
[Result "0-1"]
[WhiteElo "1782"]
[BlackElo "1736"]
[PlyCount "68"]
[EventDate "2006.09.24"]
[EventType "team-tourn"]
[EventRounds "9"]
[EventCountry "GER"]
[SourceTitle "EXT 2008"]
[Source "ChessBase"]
[SourceDate "2007.11.25"]
[SourceVersion "1"]
[SourceVersionDate "2007.11.25"]
[SourceQuality "1"]

1. d4 Nf6 2. c4 c5 3. d5 b5 4. cxb5 a6 5. bxa6 g6 6. Nc3 Bxa6 7. Nf3 d6 8. g3 Bg7 9. Bg2 0-0 10. 0-0 Nbd7 11. Rb1 Qa5 12. Bd2 Rfb8 13. b3 Qc7 14. Re1 Ng4 15. Qc2 Qa7 16. Bh3 h5 17. e4 Nde5 18. Nxe5 Nxe5 19. Bg2 Bd3 20. Qc1 Bxb1 21. Qxb1 c4 22. Re3 Bh6 23. Re2 Bxd2 24. Rxd2 cxb3 25. axb3 Qa1 26. Qxa1 Rxa1+ 27. Rd1 Rxd1+ 28. Nxd1 Rxb3 29. Ne3 Kg7 30. Kf1 Kf6 31. Ke2 Rb2+ 32. Ke1 Nd3+ 33. Kd1 Nxf2+ 34. Kc1 Re2 0-1

[Event "Niedersachsen-ch"]
[Site "Verden"]
[Date "2006.01.07"]
[Round "6"]
[White "Thumulka, Patrick"]
[Black "Walther, Jakob"]
[Result "1/2-1/2"]
[WhiteElo "1369"]
[BlackElo "1674"]
[PlyCount "67"]
[EventDate "2006.01.??"]
[EventType "swiss"]
[EventRounds "7"]
[EventCountry "GER"]
[SourceTitle "CBM 110 Extra"]
[Source "ChessBase"]
[SourceDate "2006.03.10"]
[SourceVersion "2"]
[SourceVersionDate "2006.03.10"]
[SourceQuality "1"]

1. e4 c5 2. Nf3 Nf6 3. Nc3 d5 4. exd5 Nxd5 5. Ne4 e6 6. Bc4 Nc6 7. d3 Be7 8. Qe2 a6 9. 0-0 0-0 10. a4 b6 11. b3 Bb7 12. Bb2 Qc7 13. Rfe1 Rad8 14. Qd2 Rfe8 15. Bxd5 exd5 16. Ng3 c4 17. Rac1 b5 18. axb5 axb5 19. Nf5 Bf8 20. Qg5 f6 21. Bxf6 Rxe1+ 22. Rxe1 Rd7 23. Bb2 Qd8 24. Qxd8 Rxd8 25. N3d4 Nb4 26. Re2 cxd3 27. cxd3 Nxd3 28. Nxb5 g6 29. Nfd4 Rc8 30. h3 Ba6 31. Rd2 Nxb2 32. Rxb2 Bg7 33. Ra2 Be5 34. g3 1/2-1/2

[Event "Niedersachsen-ch"]
[Site "Verden"]
[Date "2006.01.05"]
[Round "2"]
[White "Walther, Jakob"]
[Black "Park, Heiko"]
[Result "1-0"]
[WhiteElo "1674"]
[BlackElo "2007"]
[PlyCount "89"]
[EventDate "2006.01.??"]
[EventType "swiss"]
[EventRounds "7"]
[EventCountry "GER"]
[SourceTitle "CBM 110 Extra"]
[Source "ChessBase"]
[SourceDate "2006.03.10"]
[SourceVersion "2"]
[SourceVersionDate "2006.03.10"]
[SourceQuality "1"]

1. d4 f5 2. c4 g6 3. Nc3 Nf6 4. Bf4 Bg7 5. e3 c6 6. Nf3 d6 7. Bd3 0-0 8. 0-0 Qe8 9. Qc2 Na6 10. a3 Nc7 11. h3 Nh5 12. Bh2 e5 13. dxe5 dxe5 14. e4 f4 15. Rad1 h6 16. c5 Be6 17. b4 a6 18. Na4 Rd8 19. Nb2 g5 20. Bc4 Qg6 21. Rxd8 Rxd8 22. Rd1 Rxd1+ 23. Nxd1 g4 24. Nh4 Qg5 25. Bxe6+ Nxe6 26. Qb3 Kf7 27. Nf5 Nf6 28. h4 Qg6 29. Qd3 Bf8 30. Nb2 Ng7 31. Nc4 Ke6 32. Ncd6 Nge8 33. Qc4+ Kd7 34. Nxb7 Qg8 35. Qd3+ Kc7 36. Qxa6 Qb3 37. Qb6+ Kc8 38. Qxc6+ Kb8 39. Kh1 Qd1+ 40. Bg1 Nxe4 41. Qxe8+ Kxb7 42. Qf7+ Kc6 43. b5+ Kxc5 44. Qxf8+ Kd5 45. Qf7+ 1-0

[Event "Niedersachsen-chT U16"]
[Site "Verden"]
[Date "2004.05.20"]
[Round "2.1"]
[White "Walther, Jakob"]
[Black "Baisakow, Alexander"]
[Result "0-1"]
[WhiteElo "1621"]
[BlackElo "1783"]
[PlyCount "80"]
[EventDate "2004.05.20"]
[EventType "team-tourn"]
[EventRounds "7"]
[EventCountry "GER"]
[SourceTitle "EXT 2005"]
[Source "ChessBase"]
[SourceDate "2004.11.15"]
[SourceVersion "1"]
[SourceVersionDate "2004.11.15"]
[SourceQuality "1"]
[WhiteTeam "07"]
[BlackTeam "01"]
[WhiteTeamCountry "GER"]
[BlackTeamCountry "GER"]

1. d4 Nf6 2. c4 e6 3. Nc3 Bb4 4. Bd2 0-0 5. Nf3 b6 6. e3 Bb7 7. Bd3 Bxc3 8. Bxc3 Ne4 9. d5 Nxc3 10. bxc3 Qf6 11. Rc1 Na6 12. 0-0 Nc5 13. Bb1 Ba6 14. dxe6 dxe6 15. Qe2 Rad8 16. Nd4 e5 17. Nb5 c6 18. Na3 e4 19. f3 Qe7 20. fxe4 Na4 21. Qh5 Qxa3 22. e5 g6 23. Qh4 Qc5 24. Rf3 Qxe5 25. Rcf1 Qe6 26. Rxf7 Qxe3+ 27. Kh1 Rxf7 28. Qxd8+ Kg7 29. Rxf7+ Kxf7 30. Qd7+ Qe7 31. Qd2 Bxc4 32. Qf4+ Kg7 33. Qd4+ Kf8 34. Qf4+ Bf7 35. Qb8+ Kg7 36. Qg3 Qe2 37. h3 Nc5 38. Bf5 Qf1+ 39. Kh2 Qxf5 40. c4 Ne6 0-1

[Event "Niedersachsen-ch U16"]
[Site "Borkum"]
[Date "2004.04.07"]
[Round "7"]
[White "Walther, Jakob"]
[Black "Heitmann, Timo"]
[Result "1-0"]
[WhiteElo "1527"]
[BlackElo "1336"]
[PlyCount "141"]
[EventDate "2004.04.??"]
[EventType "swiss"]
[EventRounds "9"]
[EventCountry "GER"]
[SourceTitle "EXT 2005"]
[Source "ChessBase"]
[SourceDate "2004.11.15"]
[SourceVersion "1"]
[SourceVersionDate "2004.11.15"]
[SourceQuality "1"]

1. d4 d5 2. c4 e6 3. Nc3 Nf6 4. Bg5 Bb4 5. cxd5 exd5 6. e3 0-0 7. Bd3 Be6 8. Nf3 Nbd7 9. 0-0 c6 10. a3 Bd6 11. Qc2 h6 12. Bh4 Qc7 13. b4 a6 14. Rfc1 Bg4 15. Bg3 Bxg3 16. hxg3 Qd6 17. Na4 Rfe8 18. Nc5 Nxc5 19. bxc5 Qc7 20. Rab1 Re7 21. Rb3 Nd7 22. Rcb1 Ra7 23. Qb2 Nf8 24. Ne5 Bc8 25. Rb6 f6 26. Ng6 Re8 27. Nh4 Re7 28. Bf5 Ne6 29. Bh3 Kf7 30. Nf5 Rd7 31. Nd6+ Ke7 32. Qc2 Rd8 33. Qg6 Rf8 34. f4 f5 35. Nxf5+ Kd8 36. Nd6 Qd7 37. Bxe6 Qxe6 38. Nxb7+ Kc7 39. Qxg7+ Rf7 40. Qe5+ Qxe5 41. dxe5 Bxb7 42. e6 Rf6 43. Kf2 Rxe6 44. g4 Bc8 45. f5 Rf6 46. Kf3 Rb7 47. Kf4 Rxb6 48. Rxb6 Rf8 49. Rb1 h5 50. Rf1 hxg4 51. Kxg4 Rg8+ 52. Kh3 Kd7 53. g4 Ke7 54. Kg3 Kf6 55. Kf4 Re8 56. Rh1 Re4+ 57. Kf3 Re7 58. Rh6+ Ke5 59. Rxc6 Bb7 60. Rb6 Bc8 61. c6 Kd6 62. f6 Rf7 63. g5 Kc7 64. Rb2 Kxc6 65. Rc2+ Kd7 66. Kf4 Bb7 67. Ke5 Ke8 68. g6 Rd7 69. Ke6 d4 70. f7+ Kf8 71. Kxd7 1-0

[Event "Niedersachsen-ch U16"]
[Site "Borkum"]
[Date "2004.04.06"]
[Round "6"]
[White "Aulbert, Julia"]
[Black "Walther, Jakob"]
[Result "0-1"]
[WhiteElo "1328"]
[BlackElo "1527"]
[PlyCount "60"]
[EventDate "2004.04.??"]
[EventType "swiss"]
[EventRounds "9"]
[EventCountry "GER"]
[SourceTitle "EXT 2005"]
[Source "ChessBase"]
[SourceDate "2004.11.15"]
[SourceVersion "1"]
[SourceVersionDate "2004.11.15"]
[SourceQuality "1"]

1. e4 e5 2. Nf3 Nf6 3. Nc3 Nc6 4. d4 exd4 5. Nxd4 Be7 6. Bc4 0-0 7. 0-0 d6 8. Be3 Bg4 9. f3 Bh5 10. Qd2 Bg6 11. Rad1 Ne5 12. Bb3 a6 13. a4 Kh8 14. f4 Neg4 15. f5 Nxe3 16. Qxe3 Bh5 17. Rde1 Ng4 18. Qh3 Nf6 19. Nd5 Nxd5 20. exd5 Bf6 21. Re4 Re8 22. Rfe1 Bxd4+ 23. Kh1 Rxe4 24. Rxe4 Qg5 25. Qh4 Bf6 26. Qe1 Be5 27. c4 Qxf5 28. Bc2 Bg6 29. Re2 Qf4 30. g3 Qf3+ 0-1

[Event "GER-chT U16"]
[Site "Verden"]
[Date "2003.07.05"]
[Round "2.2"]
[White "Walther, Jakob"]
[Black "Heese, Dennis"]
[Result "1-0"]
[WhiteElo "1512"]
[BlackElo "1448"]
[PlyCount "105"]
[EventDate "2003.07.05"]
[EventType "team"]
[EventRounds "7"]
[EventCountry "GER"]
[SourceTitle "EXT 2005"]
[Source "ChessBase"]
[SourceDate "2004.11.15"]
[SourceVersion "1"]
[SourceVersionDate "2004.11.15"]
[SourceQuality "1"]

1. d4 f5 2. Bg5 d6 3. Nf3 g6 4. c4 Bg7 5. e3 Nf6 6. Nc3 0-0 7. Be2 Qe8 8. 0-0 e5 9. Re1 Nbd7 10. Nb5 Qd8 11. c5 dxc5 12. dxe5 Nxe5 13. Nxe5 Qe7 14. Nf3 Rd8 15. Qb3+ Kh8 16. Rad1 Rf8 17. Nc3 c6 18. Bf1 b5 19. e4 Be6 20. Qc2 Qc7 21. Bxf6 Bxf6 22. e5 Be7 23. Ne2 g5 24. b3 g4 25. Nf4 Bg8 26. Nd2 Bg5 27. Nd3 f4 28. Ne4 Be7 29. Nexc5 h5 30. Qc1 Bg5 31. Ne4 Qg7 32. Nxg5 Qxg5 33. g3 Qe7 34. Nxf4 Bf7 35. e6 Be8 36. Qc3+ Kg8 37. Re5 Qf6 38. Qe3 a6 39. e7 Rf7 40. Nxh5 Qf3 41. Rg5+ Kh7 42. Bd3+ Kh6 43. Rf5+ Qxe3 44. fxe3 Rxf5 45. Bxf5 Kxh5 46. Rd8 Ra7 47. Rxe8 Kg5 48. Rg8+ Kxf5 49. e8Q c5 50. Rf8+ Kg5 51. Qe5+ Kg6 52. Qf6+ Kh5 53. Rh8+ 1-0

[Event "Niedersachsen-chT U14"]
[Site "Verden"]
[Date "2001.05.26"]
[Round "5.3"]
[White "Keuter, Sven"]
[Black "Walther, Jakob"]
[Result "1-0"]
[WhiteElo "1131"]
[BlackElo "1208"]
[PlyCount "89"]
[EventDate "2001.05.??"]
[EventType "team-tourn"]
[EventRounds "7"]
[EventCountry "GER"]
[SourceTitle "EXT 2003"]
[Source "ChessBase"]
[SourceDate "2002.11.25"]
[SourceVersion "1"]
[SourceVersionDate "2002.11.25"]
[SourceQuality "1"]

1. d4 d5 2. c4 e6 3. cxd5 exd5 4. Nc3 c6 5. Bf4 Nf6 6. Nf3 Be7 7. e3 0-0 8. Bd3 Re8 9. 0-0 Bg4 10. Be2 Nbd7 11. Ne5 Bxe2 12. Qxe2 Bd6 13. Nxd7 Bxf4 14. Nxf6+ Qxf6 15. Qd3 Bd6 16. f3 Qh6 17. f4 Re6 18. h3 Rae8 19. Rf3 Be7 20. f5 Rf6 21. e4 Bd8 22. e5 Bb6 23. exf6 Qxf6 24. Rd1 h6 25. Na4 Bc7 26. Nc5 b6 27. Nd7 Qe7 28. Ne5 c5 29. Ng4 h5 30. Re3 Qd7 31. Rde1 Rd8 32. Re7 Qc8 33. Qb5 Kf8 34. Nf2 Bd6 35. R7e2 f6 36. dxc5 bxc5 37. Re6 Bg3 38. R1e2 Be5 39. Nd3 Bd4+ 40. Kh1 c4 41. Nf4 a6 42. Ng6+ Kf7 43. Re7+ Kg8 44. Re8+ Kf7 45. R2e7# 1-0

[Event "Niedersachsen-chT U14"]
[Site "Verden"]
[Date "2001.05.24"]
[Round "2.3"]
[White "Walther, Jakob"]
[Black "Alker, Dennis"]
[Result "1-0"]
[WhiteElo "1208"]
[BlackElo "985"]
[PlyCount "71"]
[EventDate "2001.05.??"]
[EventType "team-tourn"]
[EventRounds "7"]
[EventCountry "GER"]
[SourceTitle "EXT 2003"]
[Source "ChessBase"]
[SourceDate "2002.11.25"]
[SourceVersion "1"]
[SourceVersionDate "2002.11.25"]
[SourceQuality "1"]

1. d4 d5 2. c4 dxc4 3. e4 e6 4. Bxc4 c5 5. Nf3 cxd4 6. Qxd4 Qxd4 7. Nxd4 Bc5 8. Be3 e5 9. Nb5 Bb4+ 10. Bd2 Bxd2+ 11. Nxd2 Kd8 12. Rd1 Bd7 13. Nf3 Nc6 14. Nd6 Ke7 15. Nxf7 Be6 16. Bxe6 Kxe6 17. Nxh8 Nf6 18. Ng5+ Ke7 19. 0-0 Rxh8 20. Rd2 h6 21. Nf3 Ke6 22. Re1 g5 23. Re3 Ng4 24. Red3 Nf6 25. Re2 g4 26. Ne1 Nb4 27. Ra3 Nc6 28. Nd3 Kd7 29. Nc5+ Kc7 30. g3 b6 31. Ne6+ Kd7 32. Ng7 a5 33. Rd3+ Kc7 34. Nf5 h5 35. Rd6 Nd8 36. Rxf6 1-0